000 00678nam a2200229Ia 4500
003 OSt
005 20220923223931.0
006 a|||||r|||| 00| 0
007 ta
008 Pun
024 _a223,571
037 _cTextual
040 _aARTS
_cARTS
_bPun
041 _2Pun
_aPun
082 _aQ8441:332xJ63, 153N1
100 _aਮਠਾੜੂ, ਗੁਰਦੇਵ ਸਿੰਘ
245 0 _aਪੰਜਵਾ ਨਾਨਕ
260 _aਜਲੰਧਰ
_b ਮਠਾੜੂ ਪਬਲੀਕੇFਨ
_c1991
300 _a104ਪੰ
_ccm.
942 _hQ8441:332xJ63, 153N1
_cTEXL
_2CC
999 _c368356
_d368356